000
00222nam a2200097Ia 4500
008
240331s9999 xx 000 0 und d
082
_a
010
_b
KNO
100
_a
ASR
245
0
_a
Knowledge is Power :
_b
use it share it
942
_c
L
999
_c
634
_d
634